Statistics for The Top 100 Most Religious Countries

Click here to take the quiz!

General Stats

  • This quiz has been taken 70 times
  • The average score is 67 of 100

Answer Stats

#Answer% Correct
53India
94%
63Brazil
92%
91Iran
92%
77Turkey
90%
7Indonesia
88%
64Lebanon
88%
49Pakistan
88%
73Iraq
85%
14Morocco
85%
2Niger
85%
43Saudi Arabia
85%
55Syria
85%
34Algeria
83%
95Italy
83%
90Mexico
83%
16Afghanistan
81%
76Colombia
81%
1Somalia
81%
51United Arab Emirates
81%
5Yemen
81%
31Ghana
77%
97Greece
77%
24Jordan
77%
22Nigeria
77%
29Qatar
77%
69South Africa
77%
42Sudan
77%
33Chad
75%
12Egypt
75%
4Ethiopia
75%
44Nepal
75%
71Peru
75%
13Thailand
75%
38DR Congo
73%
37Kenya
73%
52Kuwait
73%
15Laos
73%
23Malaysia
73%
59Panama
73%
41Tunisia
73%
78Ecuador
71%
87Haiti
71%
30Mali
71%
83Costa Rica
69%
61Guatemala
69%
66Mozambique
69%
28Rwanda
69%
27Zambia
69%
48Paraguay
67%
21Philippines
67%
32Republic of Congo
67%
62Angola
65%
35Bahrain
65%
26Cambodia
65%
75El Salvador
65%
9Mauritania
65%
70Romania
65%
54Tanzania
65%
80Turkmenistan
65%
82Venezuela
65%
58Zimbabwe
65%
3Bangladesh
63%
56Bolivia
63%
65Dominican Republic
63%
17Guinea
63%
20Senegal
63%
8Sri Lanka
63%
40Uganda
63%
89Armenia
60%
46Benin
60%
25Cameroon
60%
10Djibouti
60%
74Honduras
60%
92Portugal
60%
81Togo
60%
45Madagascar
58%
50Namibia
58%
72Nicaragua
58%
84Botswana
56%
11Burundi
56%
39Central African Republic
56%
79Georgia
54%
60Ivory Coast
54%
99Jamaica
54%
94Kyrgyzstan
54%
6Malawi
54%
67Malta
54%
86Poland
54%
85Bosnia and Herzegovina
52%
100Croatia
52%
36Liberia
52%
19Myanmar
52%
98Singapore
50%
57Burkina Faso
48%
18Comoros
48%
88Cyprus
48%
47Trinidad and Tobago
44%
93Moldova
40%
96Montenegro
33%
68Tajikstan
0%

Score Distribution

Percentile by Number Answered

Percent of People with Each Score

Your Score History

You have not taken this quiz